| 000 | 00000nam##2200000za#4500 |
| 001 | 9.641006 |
| 003 | CaOODSP |
| 005 | 20250506145323 |
| 007 | cr ||||||||||| |
| 008 | 150407|1976||||xxc|||||o f|0| 0 fre|d |
| 040 | |aCaOODSP|bfre |
| 043 | |an-cn--- |
| 086 | 1 |aA53-1569/1976F-PDF |
| 110 | 1 |aCanada.|bAgriculture Canada. |
| 245 | 10|aLes charrues à disques pour l'ouest canadien / |h[ressource électronique]|c[par] O. H. Friesen. |
| 260 | |aOttawa - Ontario : |bAgriculture Canada |c1976. |
| 300 | |a44p.|bfigures, tableaux, photographies |
| 500 | |aPublication 1569. Le n° de catalogue (A53-1569/1976F) et l'ISBN (0-662-00327-6) de l'édition imprimée ont été copiés dans l'édition électronique. Publication historique numérisée par Agriculture et Agroalimentaire Canada. |
| 590 | |a12-42-Supp|b2012-11-21 |
| 691 | 07|aTechnologie agricole|2gcpds |
| 720 | 1 |aFriesen, O. H. |
| 775 | 08|tDiscers / |w(CaOODSP)9.696927 |
| 856 | 40|ahttp://publications.gc.ca|qPDF|s2.43 Mo|uhttps://publications.gc.ca/collections/collection_2012/agr/A53-1569-1976-fra.pdf |